00433nam a22001217a 4500003000400000005001700004008004100021050002500062082002700087245012900114260005700243300001100300OSt20140311130135.0130531t xxu||||| |||| 00| 0 eng d aKPM 479 b.C582 1990 aFIL 349.599 bC49 1990 aCivil Code of the PhilippinesbRepublic Act No. 386 as Amended by the Family Code of the Philippines Executive Order No. 209 aManila, PhilippinesbCentral Book Supply Inc.cc1990 a492 p.